Development and welfare policy in South Asia / (Record no. 173383)
[ view plain ]
| 000 -LEADER | |
|---|---|
| fixed length control field | 01560cam a2200397 i 4500 |
| 001 - CONTROL NUMBER | |
| control field | 17863220 |
| 003 - CONTROL NUMBER IDENTIFIER | |
| control field | Nust |
| 005 - DATE AND TIME OF LATEST TRANSACTION | |
| control field | 20180117090021.0 |
| 008 - FIXED-LENGTH DATA ELEMENTS--GENERAL INFORMATION | |
| fixed length control field | 130823s2014 enka b 001 0 eng |
| 010 ## - LIBRARY OF CONGRESS CONTROL NUMBER | |
| LC control number | 2013033786 |
| 020 ## - INTERNATIONAL STANDARD BOOK NUMBER | |
| International Standard Book Number | 9780415820530 (hbk. : alk. paper) |
| 020 ## - INTERNATIONAL STANDARD BOOK NUMBER | |
| Canceled/invalid ISBN | 9780203386255 (ebk) |
| 040 ## - CATALOGING SOURCE | |
| Original cataloging agency | DLC |
| Language of cataloging | eng |
| Transcribing agency | DLC |
| Description conventions | rda |
| Modifying agency | DLC |
| 042 ## - AUTHENTICATION CODE | |
| Authentication code | pcc |
| 043 ## - GEOGRAPHIC AREA CODE | |
| Geographic area code | az----- |
| 050 00 - LIBRARY OF CONGRESS CALL NUMBER | |
| Classification number | HN670.3.A8 |
| Item number | K635 2014 |
| 082 00 - DEWEY DECIMAL CLASSIFICATION NUMBER | |
| Classification number | 303.3/720954 |
| Edition number | 23 |
| 100 1# - MAIN ENTRY--PERSONAL NAME | |
| Personal name | Koehler, Gabriele |
| Relator term | author. |
| 245 10 - TITLE STATEMENT | |
| Title | Development and welfare policy in South Asia / |
| Statement of responsibility, etc. | Gabriele Koehler and Deepta Chopra. |
| 264 #1 - PRODUCTION, PUBLICATION, DISTRIBUTION, MANUFACTURE, AND COPYRIGHT NOTICE | |
| Place of production, publication, distribution, manufacture | Abingdon, Oxon ; |
| -- | New York : |
| Name of producer, publisher, distributor, manufacturer | Routledge/ Taylor & Francis Group, |
| Date of production, publication, distribution, manufacture, or copyright notice | 2014. |
| 300 ## - PHYSICAL DESCRIPTION | |
| Extent | xx, 228 pages : |
| Other physical details | illustrations ; |
| Dimensions | 24 cm. |
| 336 ## - CONTENT TYPE | |
| Content type term | text |
| Source | rdacontent |
| 337 ## - MEDIA TYPE | |
| Media type term | unmediated |
| Source | rdamedia |
| 338 ## - CARRIER TYPE | |
| Carrier type term | volume |
| Source | rdacarrier |
| 490 0# - SERIES STATEMENT | |
| Series statement | Routledge explorations in development studies |
| 504 ## - BIBLIOGRAPHY, ETC. NOTE | |
| Bibliography, etc. note | Includes bibliographical references and index. |
| 650 #0 - SUBJECT ADDED ENTRY--TOPICAL TERM | |
| Topical term or geographic name entry element | Welfare state |
| Geographic subdivision | South Asia. |
| 650 #0 - SUBJECT ADDED ENTRY--TOPICAL TERM | |
| Topical term or geographic name entry element | Economic development |
| Geographic subdivision | South Asia. |
| 651 #0 - SUBJECT ADDED ENTRY--GEOGRAPHIC NAME | |
| Geographic name | South Asia |
| General subdivision | Social policy. |
| 651 #0 - SUBJECT ADDED ENTRY--GEOGRAPHIC NAME | |
| Geographic name | South Asia |
| General subdivision | Economic policy. |
| 700 1# - ADDED ENTRY--PERSONAL NAME | |
| Personal name | Chopra, Deepta, |
| Relator term | author. |
| 906 ## - LOCAL DATA ELEMENT F, LDF (RLIN) | |
| a | 7 |
| b | cbc |
| c | orignew |
| d | 1 |
| e | ecip |
| f | 20 |
| g | y-gencatlg |
| 942 ## - ADDED ENTRY ELEMENTS (KOHA) | |
| Source of classification or shelving scheme | |
| Koha item type | Book |
| Withdrawn status | Lost status | Source of classification or shelving scheme | Damaged status | Not for loan | Collection code | Permanent Location | Current Location | Shelving location | Date acquired | Total Checkouts | Full call number | Barcode | Date last seen | Price effective from | Koha item type |
|---|---|---|---|---|---|---|---|---|---|---|---|---|---|---|---|
| Central Library (CL) | Central Library (CL) | General Stacks | 01/23/2017 | 303.3/720954 KOE | S3H-S-878 | 01/23/2017 | 01/23/2017 | Book |
